| 000 | 00561nam a2200205Ia 4500 | ||
|---|---|---|---|
| 003 | GCL | ||
| 008 | 140319s9999 xx 000 0 eng d | ||
| 040 |
_aGCL / _cGCL |
||
| 082 | 0 | 4 |
_a621.3822 _bZ S |
| 100 | 1 | _aZIEMR, RODGERE | |
| 245 | 1 | 0 |
_aSIGNALS AND SYSTEMS: CONTINOUS AND DISCRETE / _cZIEMR, RODGERE |
| 700 | 1 | _aTRAMTER, WILLIAM H. | |
| 700 | 1 | _aFAMMIM, D.ROMALD | |
| 260 |
_a[S.N] : _bMacmillan Publishing Company ، _c1993 |
||
| 300 | _a624 P | ||
| 650 | 0 | 4 | _aSYSTEM ANALYSIS |
| 650 | 0 | 4 | _aDISCRETE |
| 650 | 0 | 4 | _aDIGITAL FILTERS |
| 942 |
_2ddc _cBK |
||
| 999 |
_c20003 _d20003 |
||